000
00329nam a2200145Ia 4500
100
_a
Rayport/J/ Jaworski/B
942
_c
BK
654
_a
e commerce
245
_a
Introduction to e commerce
260
_b
Tata Mc Graw hill Ltd.
_a
New Delhi
_c
2004
082
_a
658.84
_b
RAP
300
_a
516
546
_a
ENGLISH
999
_c
22357
_d
22357